Si Luncai membeli ikan (Record no. 145303)

MARC details
000 -LEADER
fixed length control field 00702nam a2200253 i 4500
001 - CONTROL NUMBER
control field C2-0224382
003 - CONTROL NUMBER IDENTIFIER
control field PPAK
005 - DATE AND TIME OF LATEST TRANSACTION
control field 20180728152928.0
008 - FIXED-LENGTH DATA ELEMENTS--GENERAL INFORMATION
fixed length control field 000412s1997 my a|||| ||||| | may d
020 ## - INTERNATIONAL STANDARD BOOK NUMBER
International Standard Book Number 9830634035
040 ## - CATALOGING SOURCE
Original cataloging agency PPAK
Language of cataloging eng
Transcribing agency PPAK
Description conventions rda
082 04 - DEWEY DECIMAL CLASSIFICATION NUMBER
Classification number 499.2386
Edition number 23
090 00 - LOCALLY ASSIGNED LC-TYPE CALL NUMBER (OCLC); LOCAL CALL NUMBER (RLIN)
Classification number (OCLC) (R) ; Classification number, CALL (RLIN) (NR) 499.2386
Feature heading SIL
Feature heading K
245 00 - TITLE STATEMENT
Title Si Luncai membeli ikan
264 #1 - PRODUCTION, PUBLICATION, DISTRIBUTION, MANUFACTURE, AND COPYRIGHT NOTICE
Place of production, publication, distribution, manufacture Seberang Prai Tengah :
Name of producer, publisher, distributor, manufacturer Rhythm ,
Date of production, publication, distribution, manufacture, or copyright notice 1997
300 ## - PHYSICAL DESCRIPTION
Extent 16 pages :
Other physical details colour illustrations ;
Dimensions 21 cm
336 ## - CONTENT TYPE
Source rdacontent
Content type term text
337 ## - MEDIA TYPE
Source rdamedia
Media type term unmediated
338 ## - CARRIER TYPE
Source rdacarrier
Carrier type term volume
490 1# - SERIES STATEMENT
Series statement Siri cerita popular
650 10 - SUBJECT ADDED ENTRY--TOPICAL TERM
Topical term or geographic name entry element Malay language - Readers.
830 #0 - SERIES ADDED ENTRY--UNIFORM TITLE
Uniform title Siri cerita popular
942 ## - ADDED ENTRY ELEMENTS (KOHA)
-- dc
Koha item type Book
Holdings
Withdrawn Not for loan Current library Shelving location Date acquired Full call number Barcode Date last seen Koha item type Total Checkouts Total Renewals Date last checked out
    Perpustakaan Alor Setar Pinjaman Kanak-kanak 23/07/2000 K 499.2386 SIL A00933701 31/05/2018 Book      
    Perpustakaan Langkawi Pinjaman Kanak-kanak 23/07/2000 K 499.2386 SIL A00933703 05/11/2020 Book 1 1 24/09/2020
    Bergerak 1, Alor Setar Pinjaman Kanak-kanak 23/07/2000 K 499.2386 SIL A00933707 31/05/2018 Book      
    Bergerak 1, Alor Setar Pinjaman Kanak-kanak 23/07/2000 K 499.2386 SIL A00933708 31/05/2018 Book      
    Bergerak 3, Baling Pinjaman Kanak-kanak 23/07/2000 K 499.2386 SIL A00933711 31/05/2018 Book      
    Bergerak 3, Baling Pinjaman Kanak-kanak 23/07/2000 K 499.2386 SIL A00933712 31/05/2018 Book      
    Bergerak 4, Sungai Petani Pinjaman Kanak-kanak 23/07/2000 K 499.2386 SIL A00933713 31/05/2018 Book      
    Bergerak 4, Sungai Petani Pinjaman Kanak-kanak 23/07/2000 K 499.2386 SIL A00933714 31/05/2018 Book      
    Bergerak 5, Kulim Pinjaman Kanak-kanak 23/07/2000 K 499.2386 SIL A00933715 31/05/2018 Book      
    Bergerak 5, Kulim Pinjaman Kanak-kanak 23/07/2000 K 499.2386 SIL A00933716 31/05/2018 Book      
    Bergerak 5, Kulim Pinjaman Kanak-kanak 23/07/2000 K 499.2386 SIL A00933719 31/05/2018 Book      
    PD23, Taman Mas Merah, Titi Gajah, Alor Setar Pinjaman Kanak-kanak 12/04/2000 K 499.2386 SIL A00918007 31/05/2018 Book      
    PD23, Taman Mas Merah, Titi Gajah, Alor Setar Pinjaman Kanak-kanak 12/04/2000 K 499.2386 SIL A00918008 31/05/2018 Book      
    PD24, Felda Bukit Tangga, Bukit Kayu Hitam Pinjaman Kanak-kanak 12/04/2000 K 499.2386 SIL A00918009 31/05/2018 Book      
    PD25, KEDA Batu 13, Pokok Sena Pinjaman Kanak-kanak 12/04/2000 K 499.2386 SIL A00918011 31/05/2018 Book      
    PD25, KEDA Batu 13, Pokok Sena Pinjaman Kanak-kanak 12/04/2000 K 499.2386 SIL A00918012 31/05/2018 Book      
    PD27, Kg. Bendang Bukit, Pendang Pinjaman Kanak-kanak 12/04/2000 K 499.2386 SIL A00918010 31/05/2018 Book      
    PD27, Kg. Bendang Bukit, Pendang Pinjaman Kanak-kanak 12/04/2000 K 499.2386 SIL A00918015 31/05/2018 Book      
    PD27, Kg. Bendang Bukit, Pendang Pinjaman Kanak-kanak 12/04/2000 K 499.2386 SIL A00918016 31/05/2018 Book      
    PD28, Kg. Paya Kerchut, Pendang Pinjaman Kanak-kanak 12/04/2000 K 499.2386 SIL A00918017 31/05/2018 Book      
    PD28, Kg. Paya Kerchut, Pendang Pinjaman Kanak-kanak 12/04/2000 K 499.2386 SIL A00918018 31/05/2018 Book